000 00521nam a2200181 i 4500
001 99128
003 ES-MaACL
005 20250418063152.0
007 t|
008 050902s1963 sp ||||1| spa d
080 _a821.134.2-24"19"
100 1 _aMartín Descalzo, José Luis,
_d1930-1991
_977470
245 1 3 _aLa hoguera féliz /
_cJosé Luis Martín Descalzo.
260 _aSalamanca :
_bSígueme,
_c1963.
300 _a120 p. ;
_c19 cm.
852 _aES-MaACL
_jC-23721
_bR.52322
999 _c99128
_d99128